[Event "2014 Battle of Alberta"]
[Site "Red Deer"]
[Date "2014.09.13"]
[Round "2.8"]
[White "Miller, David"]
[Black "Ebrahim-Shirazi, Behrooz"]
[Result "1-0"]
[WhiteElo "2235"]
[BlackElo "2188"]
[PlyCount "173"]
[EventDate "2014.09.13"]
[EventType "team"]
[EventRounds "2"]
[EventCountry "CAN"]
[SourceDate "2013.09.08"]
[WhiteTeam "North"]
[BlackTeam "South"]
[WhiteTeamCountry "CAN"]
[BlackTeamCountry "CAN"]

1. e4 e6 2. d4 d5 3. Nc3 Bb4 4. e5 c5 5. a3 Bxc3+ 6. bxc3 Qa5 7. Bd2 Qa4 8. Qb1
c4 9. h4 Ne7 10. h5 h6 11. Nf3 Nbc6 12. Nh4 Bd7 13. Be2 O-O-O 14. f4 Rdf8 15.
O-O Nf5 16. Nf3 Ng3 17. Rf2 Ne4 18. Rf1 f5 19. Be1 Be8 20. Nh4 Qa5 21. Qb2 Qd8
22. Rb1 Qe7 23. g4 b6 24. gxf5 exf5 25. Kh2 Nd2 26. Bxd2 Qxh4+ 27. Kg2 Kc7 28.
Rh1 Qe7 29. Bf3 Qe6 30. Rbg1 Rfg8 31. Kf2 g6 32. hxg6 Rxg6 33. Qc1 Rhg8 34.
Rxg6 Rxg6 35. Rg1 Ne7 36. Rxg6 Qxg6 37. Qh1 Bf7 38. Qh4 Kd7 39. Qh1 b5 40. Qb1
Qb6 41. Qb4 a5 42. Qb1 Qc6 43. Qh1 Qg6 44. Ke3 Kc6 45. Be1 Nc8 46. Bh4 a4 47.
Kf2 Nb6 48. Be7 h5 49. Qh4 Nc8 50. Bf6 Kd7 51. Qg5 Ke6 52. Bd8 Qxg5 53. fxg5
Na7 54. Kg3 Nc6 55. Bf6 b4 56. cxb4 Nxb4 57. Bd1 c3 58. Bd8 Nc6 59. Bb6 Bg6 60.
Kf4 h4 61. Bc5 Be8 62. Be2 Bg6 63. Bb5 h3 64. Kg3 Nxe5 65. dxe5 f4+ 66. Kxh3
Bxc2 67. Bd4 Bf5+ 68. Kg2 c2 69. Bb2 d4 70. Bxa4 d3 71. Bc1 Kxe5 72. Kf2 Be4
73. Bb3 Kf5 74. g6 Kxg6 75. Bxf4 Kf6 76. Bc1 Ke7 77. Ke3 {Black quickly played}
Bh1 {probably believing the position to be drawn. At first glance, it seems to
be the case, and quite a few spectators were of the same opinion. However,
with careful play White should win almost on auto-pilot. Black needs a trade
of the light-squared bishops but it's not going to happen. White will
gradually push his king and the a-pawn forward, and there is nothing that
Black can do about it.} (77... Bf5 {looks more tenacious but White adopts the
same winning plan disregarding Black's passers. The computer gives White a
huge plus score at a large depth confirming this evaluation.}) 78. Kxd3 Kd7 79.
Kxc2 {At this point tablebases may be used to confirm White's win. In the
following, he never lets the full point slip away.} Kc6 80. Kc3 Kb7 81. Kb4 Ka8
82. a4 Bg2 83. Kc5 Kb7 84. a5 (84. Bc4 {is slightly more convincing. The game
could have concluded as follows:} Kc7 85. a5 Kb7 86. Be3 Be4 87. a6+ Kb8 88.
Kb6 Bf3 89. Be6 Be4 90. Bf4+ Ka8 91. Bc8 Bf3 92. Bb7+ Bxb7 93. axb7#) 84... Bf1
85. Bd5+ Ka6 86. Bd2 Be2 87. Kc6 {The king goes to c7, then Bb7+ clears the
way for the passer.} 1-0

[Event "Edmonton Jr. Regional Ch."]
[Site "Edmonton"]
[Date "2014.10.05"]
[Round "5.2"]
[White "Mah, Sean"]
[Black "Grossmann, Lenard"]
[Result "1/2-1/2"]
[WhiteElo "1555"]
[BlackElo "1701"]
[PlyCount "192"]
[EventDate "2014.10.04"]
[EventType "swiss"]
[EventRounds "5"]
[EventCountry "CAN"]
[SourceDate "2013.09.08"]

1. e4 c5 2. d4 cxd4 3. c3 d5 4. Qa4+ Nc6 5. exd5 Qxd5 6. cxd4 Qxd4 7. Bb5 Qxa4
8. Bxa4 Bd7 9. Nc3 O-O-O 10. Be3 e6 11. O-O-O Nf6 12. Nf3 Nb4 13. Bxd7+ Nxd7
14. Bxa7 b6 15. Kb1 Kb7 16. Nb5 Bc5 17. Nfd4 Bxd4 18. Rxd4 Nc6 19. Nd6+ Kxa7
20. Ra4+ Kb8 21. Nxf7 Rhf8 22. Nxd8 Rxd8 23. Rc1 Nc5 24. Rg4 Ne5 25. Rxg7 Rd7
26. Rxd7 Ncxd7 27. Re1 Kc7 28. f4 Nd3 29. Rxe6 Nxf4 30. Rh6 Nxg2 31. Rxh7 Kd6
32. h4 Nf4 33. h5 Nf6 34. Rb7 Kc6 35. Ra7 N6xh5 36. a4 Nf6 {The position is a
dead draw after any reasonable move. However,} 37. Ra6 $2 {allowed} Kb7 {
trapping the rook.} 38. Rxb6+ Kxb6 {With six pieces left on the board, this
position is in Nalimov's tablebases. Interestingly enough, White draws after
any pawn move.} 39. Kc2 {Nalimov disapproves this one.} ({The most natural
would be} 39. a5+ {trying to get rid of both pawns as quickly as possible.})
39... N6d5 {Now Black delivers checkmate in 94! It may seem that White will be
able to claim a draw by a 50-move rule way before that but it is actually not
the case if both sides play perfectly. Needless to say, the route to victory
is highly nontrivial. I don't think that I would be able to find it over the
board.} 40. Kd2 Ka5 41. b3 Kb4 {Understandably, both young players are
confused about what they should really be doing.} ({Best is} 41... Nb4 {
blocking the pawns, with a checkmate in 90 to follow.}) 42. Ke1 Kxb3 {Black
finally decides to grab both pawns and to verify experimentally whether two
knights can deliver checkmate or not.} 43. a5 Nb4 44. Kf2 ({Interestingly
enough,} 44. a6 {is the only move according to the tablebases.}) 44... Ka4 ({
Again,} 44... Na6 {would preserve White's last pawn giving Black a chance to
win in 92.}) 45. Ke3 Nfd5+ 46. Kd4 Kxa5 {Now it's officially over. Lenard did
try his best for the following 50 moves but could not change the theoretical
verdict. White claimed a draw on move 97.} 47. Ke5 Kb5 48. Kd4 Nb6 49. Ke5 Kc4
50. Ke4 Nd3 51. Ke3 Nd7 52. Ke4 N7c5+ 53. Ke3 Kd5 54. Kf3 Ke5 55. Ke3 Nf4 56.
Kf3 Ncd3 57. Ke3 Kd5 58. Kf3 Kd4 59. Kg4 Ke4 60. Kg5 Nd5 61. Kg4 Ne5+ 62. Kg5
Nf3+ 63. Kg4 Nf6+ 64. Kg3 Ke3 65. Kg2 Ne4 66. Kh3 Kf4 67. Kg2 Nfd2 68. Kh3 Kg5
69. Kg2 Kg4 70. Kg1 Kg3 71. Kh1 Ng5 72. Kg1 Nge4 73. Kh1 Nf1 74. Kg1 Nh2 75.
Kh1 Nc3 76. Kg1 Nd1 77. Kh1 Ne3 78. Kg1 Nhg4 79. Kh1 Kh4 80. Kg1 Kh3 81. Kh1
Ne5 82. Kg1 Nd3 83. Kh1 Nc5 84. Kg1 Ne4 85. Kh1 Nc4 86. Kg1 Ncd2 87. Kh1 Kg3
88. Kg1 Kf3 89. Kh2 Ng5 90. Kg1 Kg3 91. Kh1 Kf2 92. Kh2 Ndf3+ 93. Kh1 Ne5 94.
Kh2 Ng4+ 95. Kh1 Ne3 96. Kh2 Nf1+ 1/2-1/2

[Event "2014 Alberta Open"]
[Site "Calgary"]
[Date "2014.10.11"]
[Round "2.16"]
[White "Koperski, Dustin"]
[Black "Zhao, Ian"]
[Result "0-1"]
[WhiteElo "1703"]
[BlackElo "1434"]
[PlyCount "22"]
[EventDate "2014.10.11"]
[EventType "swiss"]
[EventRounds "6"]
[EventCountry "CAN"]
[SourceDate "2013.09.08"]

1. e4 e5 2. Nf3 Nc6 3. Bc4 Nf6 4. Ng5 d5 5. exd5 Nd4 6. c3 b5 7. Bf1 Nxd5 8.
cxd4 Qxg5 9. Bxb5+ Kd8 10. O-O Bb7 {The game follows a well-trodden path with
more than a hundred examples in the database.} 11. d3 $4 {This natural move
was played in only two games, both of which ended precisely as the current one.
} ({The correct continuation is} 11. Qf3 {with an interesting battle lying
ahead.}) 11... Nf4 {Quick checkmate is inevitable.} 0-1

[Event "2014 Alberta Open"]
[Site "Calgary"]
[Date "2014.10.12"]
[Round "3.3"]
[White "Gardner, Robert"]
[Black "Willis, Bradley"]
[Result "1-0"]
[WhiteElo "2244"]
[BlackElo "2004"]
[PlyCount "97"]
[EventDate "2014.10.11"]
[EventType "swiss"]
[EventRounds "6"]
[EventCountry "CAN"]
[SourceDate "2013.09.08"]

1. d4 d6 2. e4 Nf6 3. Nc3 g6 4. Be3 c6 5. Qd2 h6 6. f3 Bg7 7. Bd3 b6 8. Nce2
Na6 9. h3 Bb7 10. f4 c5 11. Ng3 h5 12. e5 Nd5 13. Be4 h4 14. N3e2 c4 15. Nf3
Qd7 16. Bf2 Bh6 17. Bxd5 Bxd5 18. Nxh4 Qc6 19. Rg1 dxe5 20. dxe5 O-O-O 21. Nd4
Qb7 22. O-O-O Nc5 23. Qe3 Ne4 24. g3 {White is up a pawn but Black has a
strong initiative that more than compensates for a small material deficit.} Qa6
$1 {Brad finds the best move increasing the pressure on the queenside.} 25. Kb1
({After} 25. a3 c3 {Black's attack is also dangerous.}) 25... c3 26. Nb3 {
Relatively best.} Nd2+ ({An excellent alternative is} 26... e6 $5 {The
light-squared bishop is solidified, while the dark-squared one can soon join
the attack via f8. On the other hand, White's pieces remain poorly coordinated.
}) 27. Rxd2 cxd2 28. Rd1 (28. Qxd2 {allows a spectacular} Qxa2+ $5 29. Kxa2
Bxb3+ 30. Kxb3 Rxd2) 28... e6 $1 29. Nf3 {The critical moment of the game.}
Bxb3 $2 {Unfortunately, this loses all the advantage.} ({Black had a beautiful
tactical shot that would have won the game:} 29... Bxf4 $3 30. Qxf4 (30. gxf4
Rxh3 {is hopeless for White}) 30... Qe2 31. Qxd2 Bxf3 {etc.}) 30. axb3 {
Black's attack is over. White will soon restore material equality by picking
up the d2-pawn so the position is approximately equal as well. The game could
have ended with any of the three possible results; Rob was the last but one to
make a mistake and won.} Qb7 31. Nd4 Qd5 32. c4 Qd7 33. Ka2 Bf8 34. Nb5 Bc5 35.
Qf3 Qb7 36. Qxb7+ Kxb7 37. Bxc5 bxc5 38. Nd6+ Rxd6 39. exd6 Rxh3 40. Rxd2 Rh8
41. b4 cxb4 42. Kb3 a5 43. c5 Rd8 44. Kc4 Kc6 45. b3 Rd7 46. Rh2 Rb7 47. Rh8 a4
48. Ra8 a3 49. Ra6+ 1-0

[Event "2014 Alberta Open"]
[Site "Calgary"]
[Date "2014.10.13"]
[Round "5.2"]
[White "Sasata, Robert"]
[Black "Gardner, Robert"]
[Result "1-0"]
[WhiteElo "2378"]
[BlackElo "2244"]
[PlyCount "55"]
[EventDate "2014.10.11"]
[EventType "swiss"]
[EventRounds "6"]
[EventCountry "CAN"]
[SourceDate "2013.09.08"]

1. d4 Nf6 2. c4 e6 3. Nc3 Bb4 4. Qc2 c5 5. dxc5 Bxc5 6. Nf3 O-O 7. Bg5 Nc6 8.
e3 Be7 9. Be2 a6 10. O-O Qc7 11. Rfd1 d6 12. Rac1 Rd8 13. a3 b6 {White's lead
in development allows the following standard operation:} 14. Nd5 $1 Qb7 {The
lesser evil.} ({After} 14... exd5 15. cxd5 Nxd5 16. Rxd5 {Black's hedgehog is
in ruins, not to mention an unpleasant pin along the c-file.}) 15. Nxe7+ Qxe7
16. b4 Bb7 17. Qb2 {An inaccuracy that allows Black to get rid of White's
dangerous dark-squared bishop.} ({Prophylactic} 17. h3 $5 {looks good. The
bishop will find shelter on h2.}) 17... h6 18. Bh4 g5 $1 {Black seizes his
opportunity.} 19. Bg3 Ne4 20. Nd2 Nxg3 21. hxg3 Ne5 $2 {This optimistic move
invites the following crushing blow.} ({Best is} 21... f6 {preparing the
e5-square for the knight. White retains the better chances though.}) 22. c5 $1
{Black's position on the dark squares is about to fall apart.} bxc5 ({The only
move is} 22... Qf6 {although after} 23. Nc4 {White's pressure on the dark
squares is excruciating.}) 23. bxc5 f6 24. f4 $1 {The decisive thrust. White
has too many threats.} Nc6 25. Ne4 dxc5 26. Nxf6+ Kf8 27. Nd7+ {A nice finish.}
Kg8 ({Black is checkmated after} 27... Rxd7 28. Qh8+ Kf7 29. Bh5#) 28. Qxb7 1-0

[Event "2014 Alberta Open"]
[Site "Calgary"]
[Date "2014.10.13"]
[Round "6.1"]
[White "Sasata, Robert"]
[Black "Porper, Edward"]
[Result "0-1"]
[WhiteElo "2275"]
[BlackElo "2427"]
[PlyCount "54"]
[EventDate "2014.10.11"]
[EventType "swiss"]
[EventRounds "6"]
[EventCountry "CAN"]
[SourceDate "2013.09.08"]

1. d4 Nf6 2. c4 e6 3. Nc3 Bb4 4. Qc2 Nc6 5. Nf3 d6 6. Bd2 Qe7 7. a3 Bxc3 8.
Bxc3 e5 9. dxe5 dxe5 10. e3 O-O 11. b4 e4 12. Nd4 Ne5 13. Be2 Bg4 14. O-O Bxe2
15. Nxe2 Qe6 16. Ng3 Ned7 17. Bb2 h5 18. Rad1 h4 19. Ne2 Qf5 20. Qc3 $6 Rfe8
21. Nf4 c6 22. Rd6 Ne5 23. Rfd1 {The position is approximately equal. White
controls the d-file but doesn't have a good entry square yet. On the other
hand, Black's potential attack on the kingside is not to be underestimated.}
Nh5 {The f4-knight is an important piece cementing White's position so Black
intends to exchange it.} 24. Ne6 $4 {A very strange blunder that immediately
costs White the game.} ({A normal continuation is} 24. Nxh5 Qxh5 25. h3 Qg5 {
maintaining a balanced position.}) 24... f6 {Good enough but there was an even
more brutal refutation.} (24... Rxe6 25. Rxe6 Qg4 {and suddenly the whole
White's position is hanging. The threat of h4-h3 is lethal; if} 26. Qc2 {then
simply} Qxe6 {with an extra piece.}) 25. Nf4 {Now Black wins prosaically.} ({
After} 25. Nc7 {the game could have taken a really beautiful course:} h3 26.
Qe1 Nf3+ 27. gxf3 Qg6+ 28. Kf1 Nf4 29. exf4 Qg2+ 30. Ke2 exf3+ 31. Kd3 Rxe1 32.
Rxe1 Qxf2 33. Bc3 Qxh2 34. Nxa8 f2 35. Rf1 Qg1 36. Ke2 h2 {Black will soon get
a new queen or maybe even two new queens.}) 25... Nxf4 26. exf4 Nd3 27. Qd2 h3
{White decided to throw in the towel. He is going to lose at least a pawn, and
his kingside will be destroyed.} 0-1

[Event "2014 Alberta Open"]
[Site "Calgary"]
[Date "2014.10.13"]
[Round "6.2"]
[White "Robichaud, Martin"]
[Black "Shi, Diwen"]
[Result "1/2-1/2"]
[WhiteElo "2193"]
[BlackElo "2208"]
[PlyCount "93"]
[EventDate "2014.10.11"]
[EventType "swiss"]
[EventRounds "6"]
[EventCountry "CAN"]
[SourceDate "2013.09.08"]

1. e4 c5 2. c3 d5 3. exd5 Qxd5 4. d4 Nf6 5. Nf3 e6 6. Be2 Nc6 7. Na3 Be7 8. Nb5
Qd8 9. dxc5 Bxc5 10. Qxd8+ Kxd8 11. Bf4 Nd5 12. Bg3 Ke7 13. O-O a6 14. Nbd4 Bd7
15. Rfe1 f6 16. Bc4 Kf7 17. Rad1 Nce7 18. Nb3 Ba7 19. Bxd5 exd5 20. Bd6 Nf5 21.
Rxd5 Be6 22. Rdd1 Rad8 23. Bc7 Rc8 24. Bf4 Rc4 25. Bg3 Rg4 26. Na5 Nxg3 27.
hxg3 Rb8 28. Rd6 Bc8 29. Rd2 Rxg3 30. Rde2 Rg4 31. Re7+ Kg6 32. Nb3 Ra4 33. a3
Rf4 34. Nbd4 Bc5 35. Re8 Bd6 36. g3 Rg4 {Over the course of the previous 36
moves the evaluation of the position changed quite a few times but it is at
this point that White had a really great shot at winning the game.} 37. Nh2 $2
(37. Rg8 $1 {creates a threat of winning a piece.} {If} Bd7 {then} 38. Rxb8
Bxb8 39. Re7 Bc6 40. Nh4+ $1 {It is one of those positions where two knights
outplay the bishop pair, mainly because of the deplorable situation of the
black king.} {After} Kh5 41. Nhf5 {White wins a pawn with a decisive advantage.
}) 37... Rg5 38. Ndf3 {White wants to get more out of the pin but his idea
doesn't work.} Rb5 ({A simpler way may be} 38... Rd5 {intending to move the
c8-bishop next.}) 39. Nh4+ $6 ({Objectively, the safest way is} 39. Rd8 Bc7 40.
Rd2 {with equality but that wasn't the point of White's previous play.}) 39...
Kf7 40. Rd8 Bc7 41. Rde8 Be5 $1 {Black correctly judges that he has a right to
play for a win.} 42. Rh8 Rxb2 ({Simple unpinning} 42... Be6 {is also good.} {
Here} 43. Rxe5 $2 {loses to} Rxh8) 43. N2f3 Bd6 $1 44. Ree8 {White finally
doubled the rooks and appears to be winning material.} g5 $1 {This precise
reply refutes White's approach.} 45. Rd8 {The best try.} ({After} 45. Ng2 {
Black has} Bg4 $1) 45... Ke7 {Pity.} ({The way to play for a full point is} 
45... Bg4 $1 46. Rxb8 ({Diwen may have been afraid of} 46. Rxh7+ Ke6 47. Nd4+ {
but after} Kd5 {the black king is safe in the middle of the board.}) 46... Bxb8
47. Rxb8 gxh4 48. Nxh4 Rb1+ 49. Kg2 Bd7 {This endgame is difficult for White
to hold as his queenside pawns are weak.}) 46. Rde8+ Kf7 47. Rd8 {Diwen
decided to take a draw claiming clear second overall.} 1/2-1/2

[Event "7th Calgary International"]
[Site "Calgary"]
[Date "2014.11.07"]
[Round "2"]
[White "Sevillano, Enrico"]
[Black "Arruebarrena, Rafael"]
[Result "1-0"]
[WhiteElo "2456"]
[BlackElo "2268"]
[Annotator "Sevillano, Enrico"]
[PlyCount "65"]
[EventDate "2014.11.06"]
[EventType "tourn"]
[EventRounds "9"]
[EventCountry "CAN"]
[SourceDate "2013.09.08"]

1. e4 c5 2. c3 Nf6 3. e5 Nd5 4. Nf3 e6 ({The main line here is} 4... Nc6) ({
Also possible is} 4... d6) 5. d4 (5. Bc4 {is most played.}) 5... cxd4 6. cxd4
d6 {This is the main line. Other moves like b6, Nc6 or Be7 are also possible.}
7. Nc3 ({The best move here is} 7. Bc4 {also playable is 7.a3, 7.exd6 or 7.Bd3.
}) 7... Nxc3 8. bxc3 Qc7 $5 9. Bd2 ({Maybe} 9. Qb3 {is more deserving.}) 9...
Nd7 10. Ng5 ({Also interesting is} 10. exd6 Bxd6 11. Bd3 b6 12. O-O Bb7 13. Qe2
) 10... h6 $1 (10... dxe5 $6 11. Qh5 Nb8 (11... Nf6 12. Bb5+ {is good for White
}) 12. Bb5+ Nc6 13. Nxh7 {and White is better.}) 11. exd6 Bxd6 12. Ne4 Bf4 13.
Bxf4 Qxf4 14. Bd3 O-O 15. O-O b6 16. Re1 Bb7 17. Re3 Rac8 $1 {Pressure on c3.}
18. Qe2 Qc7 (18... Bxe4 19. Rxe4 Qg5 20. Rg4 Qa5 {looks scary but Black has a
slight advantage here.}) 19. c4 Rfe8 (19... Bxe4 $5 {deserves attention.}) 20.
Re1 Kh8 $6 ({Again,} 20... Bxe4 {is equal.}) 21. Nd2 $2 (21. Nc3 $1) 21... Red8
$2 (21... Rf8 $1 {is equal.}) 22. Rh3 $2 (22. d5 $1 {and White is better.})
22... Nf6 $1 23. Nb3 $2 ({I think that} 23. Rh4 {is a forced move.}) 23... a5 (
23... Qf4 $1 24. a4 a5 25. Qe3 Qxe3 26. Rhxe3 g6 {and Black is better.}) 24.
Qb2 $2 (24. Qe3 {is equal.}) 24... Qc6 $6 (24... a4 $1 25. Nc1 a3 26. Qa1 Ba6 {
is almost winning for Black.}) 25. d5 $1 {The only move to equalize.} exd5 26.
Nd4 Qc5 27. Nf5 d4 $4 (27... Re8 {is the only move.}) 28. Qc1 {Now White has a
decisive advantage.} Re8 29. Rxe8+ Rxe8 30. Nxg7 Re3 31. fxe3 Kxg7 32. e4 Ng8
33. Qf4 1-0